| 000 | 00000nam##2200000za#4500 |
| 001 | 9.642475 |
| 003 | CaOODSP |
| 005 | 20220901164802 |
| 007 | cr ||||||||||| |
| 008 | 150407|2002||||xxc|||||o f|0| 0 fre|d |
| 040 | |aCaOODSP|bfre |
| 043 | |an-cn--- |
| 086 | 1 |aJ4-25/2002F-PDF |
| 110 | 1 |aCanada.|bJustice Canada. |
| 245 | 10|aListe de vérification pour les plans parentaux |h[ressource électronique] |
| 260 | |aOttawa - Ontario : |bJustice Canada |c[2002]. |
| 300 | |a8p. |
| 590 | |a13-22-Supp|b2013-09-26 |
| 691 | 07|aArt d'être parent|2gcpds |
| 691 | 07|aGarde des enfants|2gcpds |
| 775 | 08|tParenting plan checklist |w(CaOODSP)9.698468 |
| 856 | 40|ahttp://publications.gc.ca|qPDF|s74 Ko|uhttps://publications.gc.ca/collections/collection_2013/jus/J4-25-2002-fra.pdf |